000 nam a22 7a 4500
999 _c126211
_d126211
005 20170223142646.0
008 170223b xxu||||| |||| 00| 0 eng d
050 _aBX5700.4C324
100 _aCarter, Langham R.R.
_929024
245 _aKnight Bruce
_bFirst bishop and founder if the Anglican church in Rhodesia
_cby Carter, Langham R.R.
260 _aHarare
_bMercury Press
_c1975
300 _a71p.;
_c20cm.
650 _aKnight, Bruce George Wyndham Hamilton
_929025
650 _aAnglican Church
_zRhodesia
_xHistory
_929026
942 _2lcc
_cMONOGRAPH